|
|
|
|
| LEADER |
00000nam0a2200000 4500 |
| 001 |
376648 |
| 005 |
20231102012832.0 |
| 010 |
|
|
|a 5217007281
|
| 020 |
|
|
|a RU
|b 89-70133
|
| 035 |
|
|
|a (RuTPU)RU\TPU\retro\34088
|
| 035 |
|
|
|a RU\TPU\book\230723
|
| 090 |
|
|
|a 376648
|
| 100 |
|
|
|a 20221223d1989 m a0rusy5003 ca
|
| 101 |
0 |
|
|a rus
|
| 102 |
|
|
|a RU
|
| 105 |
|
|
|a a j 001zy
|
| 200 |
1 |
|
|a Изнашивание и смазывание узлов трения
|e учебное пособие
|f О. Ю. Анферов, А. И. Беспорточный, М. А. Галахов
|
| 210 |
|
|
|a Москва
|c Машиностроение
|d 1989
|
| 215 |
|
|
|a 66,[5] с.
|c ил.
|d 22 см
|
| 225 |
1 |
|
|a Университет технического прогресса в машиностроении
|
| 320 |
|
|
|a Библиогр.: с. 70 (8 назв.)
|
| 606 |
|
|
|a Трибоника
|x Системные методы
|2 stltpush
|3 (RuTPU)RU\TPU\subj\61595
|9 78780
|
| 610 |
1 |
|
|a учебные пособия
|
| 610 |
1 |
|
|a узлы трения
|
| 610 |
1 |
|
|a изнашивание
|
| 610 |
1 |
|
|a смазывание
|
| 675 |
|
|
|a 621.891(075.4)
|z rus
|
| 700 |
|
1 |
|a Анферов
|b О. Ю.
|g Олег Юрьевич
|4 070
|
| 701 |
|
1 |
|a Беспорточный
|b А. И.
|g Александр Иванович
|
| 701 |
|
1 |
|a Галахов
|b М. А.
|g Михаил Алексеевич
|
| 801 |
|
0 |
|a RU
|b RuMRKP
|c 19950417
|g psbo
|
| 801 |
|
1 |
|a RU
|b 63413507
|c 20120311
|
| 801 |
|
2 |
|a RU
|b 63413507
|c 20221223
|g RCR
|
| 942 |
|
|
|c BK
|